Responses for Show #6321 - Monday, February 27, 2012

2012-A Teachers Tournament final game 1.

Contestants

[<< previous game]

Patrick Quinn, a high school German teacher from Chesterfield, Missouri

Justin Hofstetter, a sixth and seventh grade language arts and social studies teacher from Kansas City, Missouri

Brooks Humphreys, a high school social studies teacher from Omaha, Nebraska

[next game >>]

Jeopardy! Round responses

5 FLAGS OVER TEXAS
POSSESSIVE ACTORS' POSSESSIONS
INFO FROM THE WORLD ALMANAC
DOUBLE "I"
MOCK TURTLE
SOUP
    $200 6
Spain

Justin
    $200 17
Jack's lemons

Justin
    $200 22
the forever stamp

Justin
    $200 1
skiing

Patrick
    $200 12
a desert tortoise

Justin
    $200 2
gumbo

Justin
    $400 7
the Mississippi

Justin
    $400 18
Gregory's peck

Justin
    $400 23
the New York Public Library

Justin
    $400 27
Hawaii

Justin
    $400 13
warm-blooded

Justin
    $400 3
borscht

Patrick
    $600 8
Mexico

Justin
    $600 19
Sean's pen

Justin
    $600 24
don't ask, don't tell

Patrick
    $600 28
taxiing

Justin
    $600 14
a ventricle

Justin
    $600 4
consomme

Patrick
    $800 9
a (lone) star

Brooks
    $800 20
Heath's ledger

Justin
    $800 25
Ferrari

Justin
    $800 29
the Nintendo Wii

Justin
    $800 15
the pancake tortoise

Triple Stumper
    $800 5
minestrone

Brooks
    $1,600 10
(Brooks: What is Houston?)

Austin

Brooks
    $1000 21
(Brooks: What is Firth's firth?)

Colin's firth

BrooksPatrick
    $1000 26
West Virginia

Brooks
    $1000 30
shiitake

Brooks
    $1000 16
Cooter

Triple Stumper
    $1000 11
(Justin: What is chowder?)

bisque

Justin
Triple Stumper

Scores at the first commercial break (after clue 15):

Brooks Justin Patrick
$0 $1,600 $1,200

Scores at the end of the Jeopardy! Round:

Brooks Justin Patrick
$1,000 $6,800 $2,800

Double Jeopardy! Round responses

LITERARY TITLE OVERLAPS
SMALL TALK
EUROPEAN HOLIDAYS
ROLLING STONES LYRICS
SOCIAL STUDIES
PLACES TO "C"
    $400 6
Tales

Brooks
    $400 16
a shrimp

Brooks
    $400 17
(Brooks: What is Easter?)

Mother's Day

BrooksJustin
    $400 1
"(I Can't Get No) Satisfaction"

Patrick
    $400 24
social workers

Justin
    $400 11
Coney Island

Justin
    $800 7
Sea

Justin
    $800 20
a runt

Justin
    $800 18
the reformation

Justin
    $800 2
"Gimme Shelter"

Justin
    $800 25
tuberculosis

Justin
    $800 12
Cyprus

Justin
    $1200 8
Cities

Patrick
    $1200 21
a pipette

Brooks
    $1200 19
(Brooks: What is the French Revolution?)

Bastille Day

BrooksPatrick
    $1200 3
"Under My Thumb"

Brooks
    $4,000 26
(Justin: You got me, Alex.)

Media

Justin
    $1200 13
(Patrick: What is Columbia?)

Charleston

BrooksPatrick
    $1600 9
View

Patrick
    $1600 28
(Justin: What is petite?)

skimpy

Justin
Triple Stumper
    $1600 22
(Justin: What is garlic?)

the leek

Justin
Triple Stumper
    $1600 4
"Sympathy for the Devil"

Justin
    $1600 27
Revolutions

Patrick
    $3,000 14
the Caspian Sea

Brooks
    $2000 10
Nothing

Justin
    $2000 29
picayune

Triple Stumper
    $2000 23
cantons

Brooks
    $2000 5
"You Can't Always Get What You Want"

Patrick
    $2000 30
The Social Contract

Patrick
    $2000 15
Chechnya

Justin

Scores at the end of the Double Jeopardy! Round:

Brooks Justin Patrick
$8,800 $11,200 $11,600

Final Jeopardy! Round responses

U.S. MEMORIALS
BrooksWhat is Vietnam Veterans Memorial?
$3,000
JustinWhat is Vietnam Memorial?
$6,401
PatrickWhat is the D-Day Memorial?
$6,011
the 9/11 Memorial in New York City

Final scores:

Brooks Justin Patrick
$5,800 $4,799 $5,589

Game dynamics:

Coryat scores:

Brooks Justin Patrick
$9,000 $15,200 $11,600
11 R
(including 1 DD),
4 W
(including 1 DD)
29 R,
4 W
(including 1 DD)
12 R,
1 W

Combined Coryat: $35,800

[game clues] [game scores] [suggest correction]

Game tape date: 2012-01-24
The J! Archive is created by fans, for fans. Scraping, republication, monetization, and malicious use prohibited; this site may use cookies and collect identifying information. See terms. The Jeopardy! game show and all elements thereof, including but not limited to copyright and trademark thereto, are the property of Jeopardy Productions, Inc. and are protected under law. This website is not affiliated with, sponsored by, or operated by Jeopardy Productions, Inc. Join the discussion at JBoard.tv.